000 00550nam a22001937a 4500
005 20230923120009.0
008 230923b ||||| |||| 00| 0 eng d
020 _a9788196231590
040 _aIN-DiNC
_cIN-DiNC
041 _deng
082 _a821
_bCHA
100 _aChaucer, Geoffrey
_eauthor
245 _aThe nun's priest's prologue and tale/
_cby Geoffrey Chaucer and ed. by R K Jalali
260 _aDelhi:
_bOptimus publications,
_c2023.
300 _a186p.
650 _aEnglish poetry
700 _aJalali, R K
_eEditor
942 _2ddc
_cBK
999 _c11654
_d11654